000167682 001__ 167682
000167682 005__ 20260121151441.0
000167682 037__ $$aTAZ-TFG-2024-991
000167682 041__ $$aspa
000167682 1001_ $$aMarina Olivito, Celia
000167682 24200 $$aPrevention of childhood obesity from early stages of life: a more effective measure than its treatment
000167682 24500 $$aPrevención de la obesidad infantil desde etapas tempranas de la vida: una medida más efectiva que su tratamiento
000167682 260__ $$aZaragoza$$bUniversidad de Zaragoza$$c2024
000167682 506__ $$aby-nc-sa$$bCreative Commons$$c3.0$$uhttp://creativecommons.org/licenses/by-nc-sa/3.0/
000167682 520__ $$aLa obesidad infantil es un problema de salud cuya prevalencia está en aumento, debido fundamentalmente a factores ambientales. La baja adherencia a los tratamientos lleva a pensar en que las medidas de prevención son la mejor estrategia para combatirlo. Estas deberían tomarse incluso antes del embarazo pues factores como el consumo de tabaco o el estilo de vida poco saludable de los progenitores influyen en la programación fetal. Por ello, es importante incidir en la adopción de hábitos saludables tanto en el embarazo (para prevenir el aumento de peso excesivo de la madre, la diabetes gestacional...) como en la niñez y en la adolescencia, así como concienciar sobre los beneficios de la lactancia materna exclusiva hasta el sexto mes de vida.<br /><br />
000167682 521__ $$aGraduado en Medicina
000167682 540__ $$aDerechos regulados por licencia Creative Commons
000167682 691__ $$a0
000167682 692__ $$a
000167682 700__ $$aBueno Lozano, Gloria$$edir.
000167682 7102_ $$aUniversidad de Zaragoza$$bPediatría, Radiología y Medicina Física$$cPediatría
000167682 8560_ $$f780874@unizar.es
000167682 8564_ $$s1481627$$uhttps://zaguan.unizar.es/record/167682/files/TAZ-TFG-2024-991.pdf$$yMemoria (spa)
000167682 8564_ $$s426279$$uhttps://zaguan.unizar.es/record/167682/files/TAZ-TFG-2024-991_ANE.pdf$$yAnexos (spa)
000167682 909CO $$ooai:zaguan.unizar.es:167682$$pdriver$$ptrabajos-fin-grado
000167682 950__ $$a
000167682 951__ $$adeposita:2026-01-21
000167682 980__ $$aTAZ$$bTFG$$cMED
000167682 999__ $$a20240522180804.CREATION_DATE